| Tag |
First Indicator |
Second Indicator |
Subfields |
| LEADER |
00000cam a2200000 a 4500 |
| 001 |
in00005528131 |
| 006 |
m o d |
| 007 |
cr cnu---unuuu |
| 008 |
120228s2012 flu ob 001 0 eng d |
| 005 |
20241111204751.7 |
| 035 |
|
|
|a (OCoLC)ocn778514036
|
| 040 |
|
|
|a N$T
|b eng
|e pn
|c N$T
|d YDXCP
|d EBLCP
|d E7B
|d GZM
|d CDX
|d OCLCQ
|d OHS
|d OCLCF
|d DEBSZ
|d OCLCQ
|d OCLCO
|d OCLCQ
|d S3O
|d OCLCQ
|d MERUC
|d OCLCQ
|d OCLCO
|d OCLCQ
|d NLE
|d OCLCO
|d OCLCQ
|d UKMGB
|d OCLCO
|d OCLCA
|d YDX
|d OCLCQ
|d K6U
|d OCLCO
|d OCLCQ
|d OCLCO
|d OCL
|d OCLCQ
|d SFB
|d OCLCQ
|d OCLCO
|d OCLCL
|d DXU
|
| 015 |
|
|
|a GBB7A1098
|2 bnb
|
| 016 |
7 |
|
|a 018372858
|2 Uk
|
| 019 |
|
|
|a 781541071
|a 785785142
|
| 020 |
|
|
|a 9781439895931
|q (electronic bk.)
|
| 020 |
|
|
|a 1439895937
|q (electronic bk.)
|
| 020 |
|
|
|z 9781439895924
|
| 020 |
|
|
|z 1439895929
|
| 035 |
|
|
|a (OCoLC)778514036
|z (OCoLC)781541071
|z (OCoLC)785785142
|
| 037 |
|
|
|a TANDF_257456
|b Ingram Content Group
|
| 050 |
|
4 |
|a HD61
|b .Q36 2012eb
|
| 060 |
|
4 |
|a HD 61
|
| 072 |
|
7 |
|a BUS
|x 033070
|2 bisacsh
|
| 082 |
0 |
4 |
|a 368.001
|2 23
|
| 049 |
|
|
|a TXAM
|
| 245 |
0 |
0 |
|a Quantitative operational risk models /
|c Catalina Bolancé [and others].
|
| 260 |
|
|
|a Boca Raton :
|b Taylor & Francis,
|c 2012.
|
| 300 |
|
|
|a 1 online resource
|
| 336 |
|
|
|a text
|b txt
|2 rdacontent
|
| 337 |
|
|
|a computer
|b c
|2 rdamedia
|
| 338 |
|
|
|a online resource
|b cr
|2 rdacarrier
|
| 490 |
1 |
|
|a Chapman & Hall/CRC finance series
|
| 504 |
|
|
|a Includes bibliographical references and index.
|
| 588 |
0 |
|
|a Print version record.
|
| 505 |
0 |
|
|a Understanding Operational Risk; Introduction; Our Approach to Operational Risk Quantification; Regulatory Framework; The Fundamentals of Calculating Operational Risk Capital; Notation and Definitions; The Calculation of Operational Risk Capital in Practice; Organization of the Book; ; Operational Risk Data and Parametric Models; Introduction; Internal Data and External Data; Basic Parametric Severity Distributions; The Generalized Champernowne Distribution; Quantile Estimation; Further Reading and Bibliographic Notes; ; Semiparametric Model for Operational Risk Severities; Introduction; Classical Kernel Density Estimation; Transformation Method; Bandwidth Selection; Boundary Correction; Transformation with the Generalized Champernowne Distributions; Results for the Operational Risk Data; Further Reading and Bibliographic Notes; ; Combining Operational Risk.
|
| 505 |
0 |
|
|a Data Sources; Why Mixing?; Combining Data Sources with the Transformation Method; The Mixing Transformation Technique; ; Data Study; Further Reading and Bibliographic Notes; ; Underreporting; Introduction; The Underreporting Function; Publicly Reported Loss Data; Semiparametric Approach to Correction tor Underreporting; An Application to Evaluate Operational Risk with Correction; An Application to Evaluate Internal Operational Risk; Further Reading and Bibliographic Notes; ; Combining Underreported Internal and External Data; Introduction; Data Availability; Underreporting Losses; A Mixing Model in a Truncation Framework; Operational Risk Application; Further Reading and Bibliographic Notes; ; A Guided Practical Example; Introduction; Descriptive Statistics and Basic Procedures; Transformation Kernel Estimation; Combining Internal.
|
| 505 |
0 |
|
|a And External Data; Underreporting Implementation; Programming in R.
|
| 520 |
|
|
|a Using real-life examples from the banking and insurance industries, Quantitative Operational Risk Models details how internal data can be improved based on external information of various kinds. Using a simple and intuitive methodology based on classical transformation methods, the book includes real-life examples of the combination of internal data and external information. A guideline for practitioners, the book begins with the basics of managing operational risk data to more sophisticated and recent tools needed to quantify the capital requirements imposed by operational risk. The book then.
|
| 650 |
|
0 |
|a Risk management.
|
| 650 |
|
0 |
|a Operational risk.
|
| 650 |
|
0 |
|a Mathematical models.
|
| 650 |
|
2 |
|a Risk Management
|
| 650 |
|
2 |
|a Models, Theoretical
|
| 650 |
|
6 |
|a Gestion du risque.
|
| 650 |
|
6 |
|a Risque opérationnel.
|
| 650 |
|
6 |
|a Modèles mathématiques.
|
| 650 |
|
7 |
|a risk management.
|2 aat
|
| 650 |
|
7 |
|a mathematical models.
|2 aat
|
| 650 |
|
7 |
|a BUSINESS & ECONOMICS
|x Insurance
|x Risk Assessment & Management.
|2 bisacsh
|
| 650 |
|
7 |
|a Mathematical models
|2 fast
|
| 650 |
|
7 |
|a Operational risk
|2 fast
|
| 650 |
|
7 |
|a Risk management
|2 fast
|
| 655 |
|
7 |
|a Electronic books.
|2 local
|
| 700 |
1 |
|
|a Bolancé, Catalina.
|
| 710 |
2 |
|
|a Taylor & Francis
|
| 758 |
|
|
|i has work:
|a Quantitative operational risk models (Text)
|1 https://id.oclc.org/worldcat/entity/E39PCFTktDmB3dcGxcdxcxxGVC
|4 https://id.oclc.org/worldcat/ontology/hasWork
|
| 776 |
0 |
8 |
|i Print version:
|t Quantitative operational risk models.
|d Boca Raton : Taylor & Francis, 2012
|z 9781439895924
|w (DLC) 2012002433
|w (OCoLC)744303831
|
| 830 |
|
0 |
|a Chapman & Hall/CRC finance series.
|
| 856 |
4 |
0 |
|u http://proxy.library.tamu.edu/login?url=https://www.taylorfrancis.com/books/9780429184253
|z Connect to the full text of this electronic book
|t 0
|
| 955 |
|
|
|a Taylor and Francis MATHnetBASE
|
| 955 |
|
|
|a Safari/O'Reilly ebooks
|
| 994 |
|
|
|a 92
|b TXA
|
| 999 |
f |
f |
|s c8bc77c0-49cd-4cc2-9faa-d281de01ce35
|i d8db681e-7b5d-460f-9024-d59517e98674
|t 0
|
| 952 |
f |
f |
|a Texas A&M University
|b College Station
|c Electronic Resources
|d Available Online
|t 0
|e HD61 .Q36 2012eb
|h Library of Congress classification
|
| 998 |
f |
f |
|a HD61 .Q36 2012eb
|t 0
|l Available Online
|